DICCIONARIO DE COMERCIO EXTERIOR (Record no. 423)

MARC details
000 -LEADER
campo de control de longitud fija 00570nam a22001937a 4500
001 - NÚMERO DE CONTROL
campo de control 1580
005 - FECHA Y HORA DE LA ÚLTIMA TRANSACCIÓN
campo de control 20250522045538.0
008 - DATOS DE LONGITUD FIJA--INFORMACIÓN GENERAL
campo de control de longitud fija 5230202000 sp a
020 ## - NÚMERO INTERNACIONAL ESTÁNDAR DEL LIBRO
Número Internacional Estándar del Libro 84-8055-360-X
082 ## - NÚMERO DE LA CLASIFICACIÓN DECIMAL DEWEY
Número de clasificación R 382.03 D5472c
245 ## - MENCIÓN DEL TÍTULO
Título DICCIONARIO DE COMERCIO EXTERIOR
Mención de responsabilidad, etc. Coordinador : Bruno Pujol Bengoechea
260 ## - PUBLICACIÓN, DISTRIBUCIÓN, ETC.
Lugar de publicación, distribución, etc. Madrid :
Nombre del editor, distribuidor, etc. CULTURAL
300 ## - DESCRIPCIÓN FÍSICA
Extensión 399 : il /27.5 Cm
Otros detalles físicos il. ;
500 ## - NOTA GENERAL
Nota general Terminos en Español y en Inglés
650 ## - PUNTO DE ACCESO ADICIONAL DE MATERIA--TÉRMINO DE MATERIA
Fuente del encabezamiento o término 1.COMERCIO EXTERIOR
650 ## - PUNTO DE ACCESO ADICIONAL DE MATERIA--TÉRMINO DE MATERIA
Fuente del encabezamiento o término 2.BOLSA DE VALORES
650 ## - PUNTO DE ACCESO ADICIONAL DE MATERIA--TÉRMINO DE MATERIA
Fuente del encabezamiento o término 3.BANCOS
700 ## - ENTRADA AGREGADA--NOMBRE PERSONAL
Nombre de persona I.PUJOL BENGOECHEA, BRUNO, COORD
Holdings
Estatus retirado Estado de pérdida Estado de daño No para préstamo Colección Biblioteca de origen Biblioteca actual Fecha de adquisición Total de préstamos Signatura topográfica completa Código de barras Visto por última vez Copia número Precio de reemplazo Tipo de ítem Koha
        Acervo general de Libros Biblioteca Central Mons. Favio M. Rivas S. Biblioteca Central Mons. Favio M. Rivas S. 05/04/2013   R 382.03 D5472c 000000000493 23/05/2025 1 23/05/2025 Libros